[Event "Bayerische EM 2019 Allgemeine Gruppe"]
[Site "Rosenheim"]
[Date "2019.08.28"]
[Round "5.13"]
[White "Monninger, Moritz"]
[Black "Wilfert, Andre"]
[Result "0-1"]
[WhiteElo "2058"]
[BlackElo "2102"]
[PlyCount "138"]
[EventDate "2019.??.??"]
[WhiteTeam "SK Herzogenaurach"]
[BlackTeam "1.FC Marktleuthen"]

1. d4 Nf6 2. Bg5 d5 3. e3 e6 4. Bd3 Be7 5. Nd2 Nbd7 6. c3 e5 7. Ne2 h6 8. Bh4
c5 9. O-O O-O 10. Bg3 e4 11. Bc2 Nh5 12. c4 cxd4 13. Nxd4 Nxg3 14. hxg3 Nf6 15.
cxd5 Qxd5 16. Qb1 Bb4 17. Bxe4 Qe5 18. N4f3 Qh5 19. Nb3 Re8 20. Bd3 Bd7 21. a3
Bd6 22. Nbd4 Ng4 23. Bf5 Rad8 24. Bxd7 Rxd7 25. Qf5 Qxf5 26. Nxf5 Bc5 27. Rfd1
Red8 28. Rxd7 Rxd7 29. N5d4 a5 30. Rc1 Bb6 31. Rc8+ Rd8 32. Rc4 h5 33. Kf1 g6
34. Ke2 Kg7 35. Rc3 Rd7 36. Rb3 Bd8 37. Rb5 Kf8 38. Nd2 Bf6 39. Nc4 Bxd4 40.
exd4 Rxd4 41. Nxa5 Re4+ 42. Kd2 Nxf2 43. Nxb7 Rg4 44. Ke3 Nh1 45. Ke2 Nxg3+ 46.
Kf2 Ne4+ 47. Kg1 h4 48. Kh2 Nd2 49. Re5 Nf1+ 50. Kg1 h3 51. Re1 Rxg2+ 52. Kxf1
Rxb2 53. Kg1 Rxb7 54. Re3 Rb2 55. Rxh3 Kg7 56. Rf3 f5 57. Rc3 Kf6 58. a4 Ra2
59. Rc4 g5 60. Rc6+ Ke5 61. Rc5+ Kf4 62. Rc4+ Kg3 63. Rc3+ Kh4 64. Rc1 f4 65.
a5 Kg3 66. Rc3+ f3 67. Rc1 Rxa5 68. Rb1 g4 69. Kf1 Rh5 0-1

[Event "Bayerische EM 2019 Allgemeine Gruppe"]
[Site "Rosenheim"]
[Date "2019.08.28"]
[Round "5.14"]
[White "Bensch, Patrick"]
[Black "Schmid, Roland"]
[Result "0-1"]
[WhiteElo "2197"]
[BlackElo "2296"]
[PlyCount "60"]
[EventDate "2019.??.??"]
[WhiteTeam "SC Rottal-Inn"]
[BlackTeam "Post Regensburg"]

1. c4 c6 2. Nf3 d5 3. e3 Nf6 4. Nc3 e6 5. b3 Nbd7 6. Bb2 Bd6 7. Qc2 O-O 8. Rg1
Ne5 9. Nxe5 Bxe5 10. f4 Bc7 11. O-O-O e5 12. fxe5 Bxe5 13. Bd3 g6 14. h3 a6 15.
g4 b5 16. c5 a5 17. Ne2 Bxb2+ 18. Kxb2 Nd7 19. Nd4 Ne5 20. Be2 b4 21. Rdf1 Qe7
22. Rf4 a4 23. bxa4 Ra5 24. Nb3 Rxa4 25. d4 Nc4+ 26. Bxc4 dxc4 27. Qxc4 Qxe3
28. Qc1 Qxh3 29. Rf2 Be6 30. Rh1 Rxa2+ 0-1

[Event "Bayerische EM 2019 Allgemeine Gruppe"]
[Site "Rosenheim"]
[Date "2019.08.28"]
[Round "6.1"]
[White "Hess, Max"]
[Black "Schulz, Lukas"]
[Result "1/2-1/2"]
[WhiteElo "2343"]
[BlackElo "2314"]
[PlyCount "62"]
[EventDate "2019.??.??"]
[WhiteTeam "SC Garching"]
[BlackTeam "SC Erlangen"]

1. e4 c5 2. Nf3 Nc6 3. Bb5 d6 4. O-O Bd7 5. Re1 Nf6 6. c3 a6 7. Bc4 b5 8. Bf1
g6 9. d4 cxd4 10. cxd4 Bg4 11. d5 Ne5 12. a4 b4 13. a5 Bxf3 14. gxf3 Bg7 15.
Be3 O-O 16. Nd2 e6 17. f4 Ned7 18. dxe6 fxe6 19. Qb3 Qe7 20. f5 gxf5 21. exf5
d5 22. fxe6 Qxe6 23. Qxb4 Rab8 24. Qh4 Qf7 25. Bh3 Rxb2 26. Kh1 Kh8 27. Bf5 d4
28. Qxd4 Nd5 29. Bxd7 Nxe3 30. Qxe3 Qxd7 31. Nc4 Qb7+ 1/2-1/2

[Event "Bayerische EM 2019 Allgemeine Gruppe"]
[Site "Rosenheim"]
[Date "2019.08.28"]
[Round "6.2"]
[White "Schmid, Roland"]
[Black "Miller, Eduard"]
[Result "0-1"]
[WhiteElo "2296"]
[BlackElo "2401"]
[PlyCount "88"]
[EventDate "2019.??.??"]
[WhiteTeam "Post Regensburg"]
[BlackTeam "SC Erlangen"]

1. Nf3 Nf6 2. c4 g6 3. Nc3 Bg7 4. e4 d6 5. d4 O-O 6. h3 e5 7. dxe5 dxe5 8. Qxd8
Rxd8 9. Bg5 Na6 10. Nd5 Rd6 11. Bxf6 Bxf6 12. b4 c6 13. Nxf6+ Rxf6 14. a3 c5
15. b5 Nc7 16. Be2 Re6 17. O-O-O f6 18. Kb2 Re7 19. Nd2 Ne6 20. Nb3 Nd4 21. Bd3
b6 22. a4 a5 23. Rhf1 Bb7 24. Nxd4 exd4 25. f3 f5 26. exf5 gxf5 27. Bxf5 Re2+
28. Kb1 Rf8 29. Bd3 Rxg2 30. Rde1 Bc8 31. Rg1 Rxg1 32. Rxg1+ Kh8 33. Be4 Bxh3
34. Kc2 Rg8 35. Rh1 Rg3 36. Kd3 Kg7 37. Re1 h5 38. Bd5 Bf5+ 39. Ke2 Rg2+ 40.
Kf1 Ra2 41. Re7+ Kf6 42. Rb7 d3 43. Rxb6+ Ke5 44. Ke1 Kd4 0-1

[Event "Bayerische EM 2019 Allgemeine Gruppe"]
[Site "Rosenheim"]
[Date "2019.08.28"]
[Round "6.3"]
[White "Ciolek, Andreas"]
[Black "Singer, Christoph"]
[Result "1/2-1/2"]
[WhiteElo "2314"]
[BlackElo "2327"]
[PlyCount "26"]
[EventDate "2019.??.??"]
[WhiteTeam "Muenchener SC"]
[BlackTeam "FC Bayern Muenchen"]

1. e4 e5 2. Nf3 Nc6 3. Bb5 Nf6 4. O-O Nxe4 5. d4 Be7 6. dxe5 O-O 7. Re1 d5 8.
exd6 Bxd6 9. Nbd2 Bf5 10. Bd3 Nxd2 11. Bxf5 Nxf3+ 12. Qxf3 Nd4 13. Qh3 Nxf5
1/2-1/2

[Event "Bayerische EM 2019 Allgemeine Gruppe"]
[Site "Rosenheim"]
[Date "2019.08.28"]
[Round "6.4"]
[White "Englert, Fabian"]
[Black "Schmahl, Stephan"]
[Result "1-0"]
[WhiteElo "2422"]
[BlackElo "2101"]
[PlyCount "57"]
[EventDate "2019.??.??"]
[WhiteTeam "SK Klingenberg"]
[BlackTeam "SC Bavaria Regensburg von 1881"]

1. d4 Nf6 2. c4 g6 3. g3 Bg7 4. Bg2 d6 5. Nc3 O-O 6. Nf3 Nbd7 7. O-O e5 8. e4
exd4 9. Nxd4 Nc5 10. h3 Re8 11. Re1 a5 12. Ndb5 Nfd7 13. Bg5 Qxg5 14. Nxc7 Qd8
15. Nxa8 Ne5 16. Nb5 Nxc4 17. Nac7 Nxb2 18. Qxd6 Qxd6 19. Nxd6 Rd8 20. Nxc8
Rxc8 21. Nd5 Re8 22. Rab1 a4 23. f4 Bd4+ 24. Kh2 Kg7 25. e5 Rd8 26. Re2 a3 27.
Rd2 Ncd3 28. Rxd3 Nxd3 29. Rd1 1-0

[Event "Bayerische EM 2019 Allgemeine Gruppe"]
[Site "Rosenheim"]
[Date "2019.08.28"]
[Round "6.5"]
[White "Haeussler, Phillip"]
[Black "Hofstetter, Hans-Joachim"]
[Result "0-1"]
[WhiteElo "2192"]
[BlackElo "2207"]
[PlyCount "82"]
[EventDate "2019.??.??"]
[WhiteTeam "SG Pang-Rosenheim"]
[BlackTeam "SK Bad Neustadt"]

1. d4 Nf6 2. Bg5 d5 3. Bxf6 exf6 4. e3 c5 5. Nc3 Be6 6. Nge2 Nc6 7. dxc5 Bxc5
8. Nf4 Bb4 9. Bb5 Qa5 10. Bxc6+ bxc6 11. Qd2 O-O 12. O-O Rfb8 13. Rfb1 Bf5 14.
Nfe2 Qc7 15. a3 Bd6 16. Ng3 Bg6 17. Nce2 h6 18. Nf4 Bh7 19. Nd3 h5 20. Nf1 h4
21. Rd1 h3 22. g3 Qe7 23. f3 Bxd3 24. cxd3 Rb3 25. Rdc1 Qb7 26. Rc2 Rb8 27.
Rac1 c5 28. d4 c4 29. e4 Rd3 30. Qe2 Qb6 31. exd5 Qxd4+ 32. Kh1 Bc5 33. Nd2
Qxd5 34. Ne4 Be3 35. Re1 Qd4 36. Qf1 f5 37. Nc3 Bd2 38. Ra1 Bxc3 39. bxc3 Rxc3
40. Rxc3 Qxc3 41. Rc1 Qxa3 0-1

[Event "Bayerische EM 2019 Allgemeine Gruppe"]
[Site "Rosenheim"]
[Date "2019.08.28"]
[Round "6.6"]
[White "Kaunzinger, Albert"]
[Black "Heimrath, Reiner"]
[Result "1/2-1/2"]
[WhiteElo "2200"]
[BlackElo "2165"]
[PlyCount "91"]
[EventDate "2019.??.??"]
[WhiteTeam "SC Groebenzell"]
[BlackTeam "SC Noris-Tarrasch Nuernberg"]

1. d4 Nf6 2. Bf4 d6 3. Nc3 c6 4. e4 Qa5 5. Qd2 e5 6. Be3 Be7 7. Nf3 b5 8. Bd3
Bg4 9. O-O Qc7 10. dxe5 dxe5 11. Nh4 b4 12. Na4 Nbd7 13. h3 Be6 14. f4 exf4 15.
Bxf4 Qa5 16. b3 Nc5 17. Nxc5 Bxc5+ 18. Kh1 Bd4 19. Bd6 Bc3 20. Qe3 O-O-O 21.
Bc5 Nd7 22. Bd4 Bxd4 23. Qxd4 Ne5 24. Qe3 Qb6 25. Qg3 Nxd3 26. cxd3 g6 27. Rac1
Rd7 28. Nf3 Rxd3 29. Qe5 Rhd8 30. Ng5 Qc7 31. Qf6 Qd7 32. Nxe6 fxe6 33. Qe5 Kb7
34. Qc5 Qd6 35. Rf7+ Rd7 36. Rxd7+ Qxd7 37. Qxb4+ Kc7 38. Qe1 Qd4 39. b4 Kb6
40. a4 Qe3 41. a5+ Kb7 42. Qf1 Qxe4 43. Qf7+ Ka6 44. Qf1 Kb7 45. Qf7+ Ka6 46.
Qf1 1/2-1/2

[Event "Bayerische EM 2019 Allgemeine Gruppe"]
[Site "Rosenheim"]
[Date "2019.08.28"]
[Round "6.7"]
[White "Grosshans, Ralf-Michael"]
[Black "Brunner, Tobias"]
[Result "1/2-1/2"]
[WhiteElo "2051"]
[BlackElo "1985"]
[PlyCount "36"]
[EventDate "2019.??.??"]
[WhiteTeam "SC Bamberg"]
[BlackTeam "SC Windischeschenbach"]

1. e4 d5 2. exd5 Qxd5 3. Nc3 Qd6 4. d4 c6 5. Nf3 Bg4 6. Bc4 e6 7. Be3 Nf6 8. h3
Bxf3 9. Qxf3 Nbd7 10. O-O-O Qb4 11. Bb3 O-O-O 12. Rhe1 Bd6 13. a3 Qa5 14. Bf4
Qc7 15. Bxd6 Qxd6 16. g3 Nb6 17. Ne4 Qe7 18. Nc5 h6 1/2-1/2

[Event "Bayerische EM 2019 Allgemeine Gruppe"]
[Site "Rosenheim"]
[Date "2019.08.28"]
[Round "6.8"]
[White "Hanisch, Sebastian"]
[Black "Schelle, Artur"]
[Result "1/2-1/2"]
[WhiteElo "2116"]
[BlackElo "2176"]
[PlyCount "46"]
[EventDate "2019.??.??"]
[WhiteTeam "SC Kempten"]
[BlackTeam "SK Tarrasch Muenchen"]

1. d4 f5 2. Bf4 Nf6 3. e3 d6 4. c4 g6 5. h4 Nh5 6. Bh2 Nd7 7. Be2 Ndf6 8. Nc3
Bh6 9. Nh3 O-O 10. Ng5 Ng4 11. Bxg4 fxg4 12. Qb3 Bxg5 13. hxg5 g3 14. Bxg3 Nxg3
15. fxg3 Bg4 16. Qxb7 e6 17. Ne4 Rb8 18. Qc6 Rxb2 19. Nf6+ Rxf6 20. gxf6 Re2+
21. Kf1 Qxf6+ 22. Kg1 Qf2+ 23. Kh2 Bf3 1/2-1/2

[Event "Bayerische EM 2019 Allgemeine Gruppe"]
[Site "Rosenheim"]
[Date "2019.08.28"]
[Round "6.9"]
[White "Pfadenhauer, Johannes"]
[Black "Palmi, Herbert"]
[Result "1-0"]
[WhiteElo "2167"]
[BlackElo "2056"]
[PlyCount "57"]
[EventDate "2019.??.??"]
[WhiteTeam "TSV Bindlach Aktionaer"]
[BlackTeam "SC Bayerwald"]

1. d4 Nf6 2. Nf3 d6 3. g3 Nbd7 4. Bg2 e5 5. O-O Be7 6. c4 c5 7. dxe5 dxe5 8.
Nc3 a6 9. Qc2 O-O 10. Rd1 Qc7 11. b3 Re8 12. Bb2 Bf8 13. Rd2 Nb8 14. Ng5 g6 15.
Nd5 Nxd5 16. Bxd5 Be6 17. Bxe6 fxe6 18. Rad1 Bh6 19. h4 Bxg5 20. hxg5 Nc6 21.
Rd7 Qc8 22. Qe4 Nd4 23. Rxb7 Nxe2+ 24. Qxe2 Qxb7 25. Qxe5 Reb8 26. Qh8+ Kf7 27.
Qg7+ Ke8 28. Qg8+ Ke7 29. Bf6# 1-0

[Event "Bayerische EM 2019 Allgemeine Gruppe"]
[Site "Rosenheim"]
[Date "2019.08.28"]
[Round "6.10"]
[White "Beesk, Kevin"]
[Black "Liepold, Stefan"]
[Result "1/2-1/2"]
[WhiteElo "1969"]
[BlackElo "2166"]
[PlyCount "97"]
[EventDate "2019.??.??"]
[WhiteTeam "SK Neumarkt"]
[BlackTeam "SC Erlangen"]

1. c4 e5 2. Nc3 Nf6 3. e3 Nc6 4. a3 Be7 5. Qc2 O-O 6. Nf3 Re8 7. b4 Bf8 8. Bb2
a6 9. d3 d5 10. cxd5 Nxd5 11. Be2 Nxc3 12. Qxc3 f6 13. Nd2 Kh8 14. Rc1 Bf5 15.
O-O Qd7 16. Nb3 Bg4 17. f3 Be6 18. Nc5 Bxc5 19. Qxc5 Rac8 20. Rfd1 Bb3 21. Rd2
Ba4 22. Bd1 Bxd1 23. Rcxd1 Qe6 24. Kf2 Red8 25. d4 exd4 26. Bxd4 Rd5 27. Qc4 b5
28. Qa2 Qd6 29. g3 Nxd4 30. Rxd4 Rxd4 31. Rxd4 Qc6 32. Qd2 h6 33. h4 Re8 34. h5
Qe6 35. g4 f5 36. Rf4 fxg4 37. Rxg4 Rf8 38. Qd4 Rf6 39. Qd8+ Kh7 40. Qd3+ Qf5
41. Qxf5+ Rxf5 42. Rg6 Rxh5 43. Rxa6 c5 44. bxc5 Rxc5 45. e4 Rc3 46. Rb6 Rxa3
47. Rxb5 g5 48. Rb6 h5 49. Rb7+ 1/2-1/2

[Event "Bayerische EM 2019 Allgemeine Gruppe"]
[Site "Rosenheim"]
[Date "2019.08.28"]
[Round "6.11"]
[White "Salvermoser, Bernd"]
[Black "Zepke, Armin"]
[Result "1-0"]
[WhiteElo "2208"]
[BlackElo "2122"]
[PlyCount "59"]
[EventDate "2019.??.??"]
[WhiteTeam "SK Penzberg"]
[BlackTeam "SC Bayerwald"]

1. d4 d5 2. c4 c6 3. Nf3 Nf6 4. Nc3 dxc4 5. e4 b5 6. e5 Nd5 7. a4 e6 8. axb5
Nxc3 9. bxc3 cxb5 10. Ng5 Bb7 11. Qh5 g6 12. Qg4 h6 13. Ne4 Nd7 14. Be2 Qb6 15.
O-O Bd5 16. Bf3 Qc6 17. Re1 a5 18. Re2 b4 19. Rea2 a4 20. cxb4 Bxb4 21. Nd6+
Bxd6 22. exd6 Nb6 23. Qh4 Nc8 24. Qf6 Rh7 25. Bd1 Bxg2 26. f3 Bh3 27. Bxa4 Rxa4
28. Rxa4 Qxd6 29. Ra8 Qc6 30. R1a7 1-0

[Event "Bayerische EM 2019 Allgemeine Gruppe"]
[Site "Rosenheim"]
[Date "2019.08.28"]
[Round "6.12"]
[White "Wilfert, Andre"]
[Black "Braun, Kristin"]
[Result "1/2-1/2"]
[WhiteElo "2102"]
[BlackElo "1923"]
[PlyCount "33"]
[EventDate "2019.??.??"]
[WhiteTeam "1.FC Marktleuthen"]
[BlackTeam "SC JAEKLECHEMIE"]

1. Nf3 g6 2. d4 Nf6 3. Nc3 d5 4. Bf4 c6 5. h3 Bg7 6. e3 O-O 7. Bd3 Nbd7 8. O-O
Re8 9. Ne5 Nh5 10. Bh2 Nxe5 11. dxe5 Bh8 12. e4 dxe4 13. Nxe4 Ng7 14. Qe2 Ne6
15. Rad1 Qa5 16. Nc3 Nc5 17. Rfe1 1/2-1/2

[Event "Bayerische EM 2019 Allgemeine Gruppe"]
[Site "Rosenheim"]
[Date "2019.08.28"]
[Round "6.13"]
[White "Greiml, Emmeran"]
[Black "Monninger, Moritz"]
[Result "0-1"]
[WhiteElo "1904"]
[BlackElo "2058"]
[PlyCount "56"]
[EventDate "2019.??.??"]
[WhiteTeam "SG Vogtareuth-Prutting"]
[BlackTeam "SK Herzogenaurach"]

1. h4 e5 2. h5 d5 3. h6 Nxh6 4. d4 e4 5. Bxh6 gxh6 6. e3 Nd7 7. c4 c6 8. Nc3
Nf6 9. cxd5 cxd5 10. Qb3 Rg8 11. Nge2 Rg5 12. Nf4 Bg7 13. Be2 Kf8 14. Rh4 Kg8
15. O-O-O b6 16. Rdh1 Be6 17. f3 Rc8 18. Nxe6 fxe6 19. g4 exf3 20. Bxf3 Kh8 21.
Kd2 e5 22. Nxd5 exd4 23. e4 Nxd5 24. exd5 Re5 25. Rh5 Re3 26. Qd1 Qe7 27. Qf1
Qb4+ 28. Kd1 Qxb2 0-1

[Event "Bayerische EM 2019 Allgemeine Gruppe"]
[Site "Rosenheim"]
[Date "2019.08.28"]
[Round "6.14"]
[White "Bensch, Patrick"]
[Black "Kleibel, Uwe"]
[Result "0-1"]
[WhiteElo "2197"]
[BlackElo "2217"]
[PlyCount "52"]
[EventDate "2019.??.??"]
[WhiteTeam "SC Rottal-Inn"]
[BlackTeam "SC Ortenburg"]

1. e4 c6 2. d4 d5 3. e5 c5 4. dxc5 e6 5. Nf3 Bxc5 6. a3 a6 7. b4 Ba7 8. Bd3 Nc6
9. O-O Nge7 10. Bb2 O-O 11. Bxh7+ Kxh7 12. Ng5+ Kg8 13. Qh5 Re8 14. Qxf7+ Kh8
15. a4 Nf5 16. Qh5+ Kg8 17. b5 Nce7 18. Qh7+ Kf8 19. Ba3 Nh6 20. Qh8+ Nhg8 21.
Qh5 Nh6 22. Qg6 Kg8 23. Qh7+ Kf8 24. Bd6 Bb8 25. Qh8+ Nhg8 26. Qh5 Nh6 0-1

[Event "Bayerische EM 2019 Allgemeine Gruppe"]
[Site "Rosenheim"]
[Date "2019.08.29"]
[Round "7.1"]
[White "Miller, Eduard"]
[Black "Englert, Fabian"]
[Result "0-1"]
[WhiteElo "2401"]
[BlackElo "2422"]
[PlyCount "100"]
[EventDate "2019.??.??"]
[WhiteTeam "SC Erlangen"]
[BlackTeam "SK Klingenberg"]

1. c4 b6 2. d4 Bb7 3. Nc3 e6 4. e4 Bb4 5. Bd3 f5 6. Qh5+ g6 7. Qe2 Nf6 8. Bg5
fxe4 9. Bxf6 exd3 10. Qe5 Nc6 11. Qg5 Be7 12. Bxe7 Qxe7 13. Qg4 d2+ 14. Kxd2
Qb4 15. b3 O-O-O 16. Nge2 Rhf8 17. f3 h5 18. Qxg6 Rg8 19. Qd3 Rxg2 20. Rag1
Rdg8 21. Rxg2 Rxg2 22. Rg1 Rxg1 23. Nxg1 Qd6 24. Nge2 Qxh2 25. Qg6 Kb8 26. Ke3
Bc8 27. Qf6 h4 28. Ne4 Nb4 29. a3 Nc2+ 30. Kd2 d5 31. N4c3 Na1 32. cxd5 exd5
33. b4 h3 34. Nxd5 Nb3+ 35. Ke3 Qd6 36. Qxd6 cxd6 37. Ndf4 h2 38. Ng3 a5 39.
Kd3 a4 40. Ke3 Na1 41. Kd3 Bf5+ 42. Kc3 Nc2 43. Nd5 Kb7 44. Ne7 Bh7 45. d5 Nxa3
46. f4 Nb5+ 47. Kc4 a3 48. Kb3 Nd4+ 49. Kxa3 Ne2 50. Nh1 Nxf4 0-1

[Event "Bayerische EM 2019 Allgemeine Gruppe"]
[Site "Rosenheim"]
[Date "2019.08.29"]
[Round "7.2"]
[White "Hofstetter, Hans-Joachim"]
[Black "Hess, Max"]
[Result "0-1"]
[WhiteElo "2207"]
[BlackElo "2343"]
[PlyCount "81"]
[EventDate "2019.??.??"]
[WhiteTeam "SK Bad Neustadt"]
[BlackTeam "SC Garching"]

1. d4 Nf6 2. c4 g6 3. Nf3 Bg7 4. g3 O-O 5. Bg2 d6 6. O-O c6 7. Nc3 Qa5 8. e4 e5
9. h3 Nbd7 10. Be3 exd4 11. Nxd4 Nb6 12. Qd3 Qa6 13. b3 d5 14. exd5 Nfxd5 15.
Nce2 c5 16. Nb5 Bf5 17. Qd2 Nxe3 18. fxe3 Rad8 19. Qe1 Bxa1 20. Qxa1 Nd7 21. e4
Be6 22. Nf4 Qb6 23. Rd1 Nb8 24. Nd5 Bxd5 25. exd5 a6 26. Nc3 Qf6 27. Qc1 Nd7
28. Ne4 Qe5 29. Kh2 Rfe8 30. Rf1 Kg7 31. Qa3 b6 32. Qxa6 h6 33. Qa7 f5 34. Nd2
Re7 35. Nf3 Qd6 36. Qa3 Re2 37. Qc1 Nf6 38. Qc3 Rde8 39. Qd3 R8e3 40. Qb1 Nh5
41. Qa1+ 0-1

[Event "Bayerische EM 2019 Allgemeine Gruppe"]
[Site "Rosenheim"]
[Date "2019.08.29"]
[Round "7.3"]
[White "Schulz, Lukas"]
[Black "Ciolek, Andreas"]
[Result "1-0"]
[WhiteElo "2314"]
[BlackElo "2314"]
[PlyCount "57"]
[EventDate "2019.??.??"]
[WhiteTeam "SC Erlangen"]
[BlackTeam "Muenchener SC"]

1. e4 c5 2. Nf3 d6 3. d4 cxd4 4. Nxd4 Nf6 5. Nc3 a6 6. h3 e5 7. Nde2 h5 8. Be3
Be7 9. Nd5 Nxd5 10. Qxd5 Qc7 11. Nc3 Be6 12. Qd2 Nd7 13. Be2 Qc6 14. O-O Nf6
15. f4 Nxe4 16. Nxe4 Qxe4 17. Bf3 Qc4 18. f5 Bxf5 19. Bxb7 Be4 20. b3 Qxf1+ 21.
Rxf1 Bxb7 22. Qb4 Bd5 23. Qa4+ Kf8 24. c4 Be6 25. Qc6 Rd8 26. Qxa6 Kg8 27. Qb7
Rd7 28. Qc6 Kh7 29. Rxf7 1-0

[Event "Bayerische EM 2019 Allgemeine Gruppe"]
[Site "Rosenheim"]
[Date "2019.08.29"]
[Round "7.4"]
[White "Singer, Christoph"]
[Black "Schmid, Roland"]
[Result "1-0"]
[WhiteElo "2327"]
[BlackElo "2296"]
[PlyCount "81"]
[EventDate "2019.??.??"]
[WhiteTeam "FC Bayern Muenchen"]
[BlackTeam "Post Regensburg"]

1. e4 d6 2. d4 Nf6 3. Nc3 e5 4. Nf3 exd4 5. Nxd4 Be7 6. g3 O-O 7. Bg2 c6 8. O-O
Na6 9. b3 Re8 10. Bb2 Bf8 11. Re1 Nc5 12. Qd2 a5 13. a4 Qb6 14. h3 Bd7 15. Kh2
Rad8 16. Rad1 Bc8 17. f3 Qc7 18. f4 g6 19. Bf3 Bg7 20. Qg2 h5 21. Kh1 d5 22.
exd5 Rxe1+ 23. Rxe1 h4 24. dxc6 hxg3 25. Ncb5 Qxf4 26. c7 Rf8 27. Ne2 Qd2 28.
Bc3 Qh6 29. Ng1 g5 30. Qxg3 g4 31. Bxf6 Bxf6 32. Bxg4 Bh4 33. Qe3 Qc6+ 34. Bf3
Qf6 35. Qe5 Qg6 36. Re2 Ne6 37. Rg2 Ng5 38. Qf4 Qh6 39. Nd6 Be6 40. Nf5 Bxf5
41. Qxf5 1-0

[Event "Bayerische EM 2019 Allgemeine Gruppe"]
[Site "Rosenheim"]
[Date "2019.08.29"]
[Round "7.5"]
[White "Kleibel, Uwe"]
[Black "Heimrath, Reiner"]
[Result "0-1"]
[WhiteElo "2217"]
[BlackElo "2165"]
[PlyCount "56"]
[EventDate "2019.??.??"]
[WhiteTeam "SC Ortenburg"]
[BlackTeam "SC Noris-Tarrasch Nuernberg"]

1. e4 e5 2. Nf3 Nc6 3. Nc3 d6 4. d4 Be7 5. Bb5 exd4 6. Nxd4 Bd7 7. Be3 Nf6 8.
f3 O-O 9. Bxc6 bxc6 10. Qd2 Rb8 11. O-O-O c5 12. Nf5 Bxf5 13. exf5 c6 14. Kb1
d5 15. Bg5 Rb4 16. h4 Qb6 17. b3 c4 18. a3 Rb5 19. Nxb5 Qxb5 20. Ka2 Rb8 21.
Rb1 Rb6 22. Rhe1 Bf8 23. Bxf6 gxf6 24. Re8 Ra6 25. Qe1 Rxa3+ 26. Kb2 Qc5 27. b4
c3+ 28. Kxa3 Qa5+ 0-1

[Event "Bayerische EM 2019 Allgemeine Gruppe"]
[Site "Rosenheim"]
[Date "2019.08.29"]
[Round "7.6"]
[White "Schelle, Artur"]
[Black "Kaunzinger, Albert"]
[Result "1-0"]
[WhiteElo "2176"]
[BlackElo "2200"]
[PlyCount "82"]
[EventDate "2019.??.??"]
[WhiteTeam "SK Tarrasch Muenchen"]
[BlackTeam "SC Groebenzell"]

1. g3 d5 2. Bg2 c6 3. d3 Nf6 4. Nd2 Bf5 5. Ngf3 e6 6. O-O Be7 7. a3 h6 8. c4
O-O 9. b3 Nbd7 10. Bb2 Bh7 11. Rc1 Ne8 12. Rc2 Bf6 13. Qa1 dxc4 14. bxc4 Nc5
15. Rb1 Rb8 16. a4 Qa5 17. Bc3 Bxc3 18. Qxc3 Qxc3 19. Rxc3 Nd6 20. a5 f6 21.
Nb3 Na6 22. Nfd4 Rfe8 23. c5 Nf5 24. Nc2 e5 25. e4 Ne7 26. Na3 Bg6 27. Nc4 Red8
28. Bf1 Bf7 29. f4 Bxc4 30. Rxc4 exf4 31. gxf4 Ng6 32. d4 Nxf4 33. Rc3 Nc7 34.
Kf2 a6 35. Bc4+ Kf8 36. Rf3 g5 37. h4 Ke7 38. Rh1 Rh8 39. Rg1 Rbd8 40. Rxf4 Nd5
41. Rf3 Nf4 1-0

[Event "Bayerische EM 2019 Allgemeine Gruppe"]
[Site "Rosenheim"]
[Date "2019.08.29"]
[Round "7.7"]
[White "Schmahl, Stephan"]
[Black "Haeussler, Phillip"]
[Result "1/2-1/2"]
[WhiteElo "2101"]
[BlackElo "2192"]
[PlyCount "43"]
[EventDate "2019.??.??"]
[WhiteTeam "SC Bavaria Regensburg von 1881"]
[BlackTeam "SG Pang-Rosenheim"]

1. d4 d5 2. c4 e6 3. Nf3 Nf6 4. g3 Bb4+ 5. Bd2 Bd6 6. Bg2 c6 7. b3 O-O 8. O-O
Nbd7 9. Nc3 dxc4 10. bxc4 e5 11. e3 Bc7 12. Qb3 h6 13. Bc1 exd4 14. exd4 Nb6
15. Ba3 Re8 16. Rfd1 Be6 17. d5 cxd5 18. cxd5 Nfxd5 19. Nd4 Be5 20. Nxe6 fxe6
21. Nxd5 Nxd5 22. Rac1 1/2-1/2

[Event "Bayerische EM 2019 Allgemeine Gruppe"]
[Site "Rosenheim"]
[Date "2019.08.29"]
[Round "7.8"]
[White "Brunner, Tobias"]
[Black "Pfadenhauer, Johannes"]
[Result "0-1"]
[WhiteElo "1985"]
[BlackElo "2167"]
[PlyCount "86"]
[EventDate "2019.??.??"]
[WhiteTeam "SC Windischeschenbach"]
[BlackTeam "TSV Bindlach Aktionaer"]

1. e4 c5 2. Nc3 Nc6 3. f4 g6 4. Nf3 Bg7 5. Bb5 Nd4 6. Bc4 e6 7. a4 Ne7 8. d3
O-O 9. O-O d5 10. Ba2 b6 11. exd5 exd5 12. Nxd4 cxd4 13. Ne2 Nf5 14. Ng3 h5 15.
Nxf5 Bxf5 16. Qf3 Rc8 17. Bb3 a5 18. h3 Re8 19. Bd2 Qd7 20. Rae1 Be6 21. Re2
Rc5 22. Rfe1 Rf8 23. Ra1 Rfc8 24. Be1 Ra8 25. Bf2 Qc8 26. Rae1 Kf8 27. c3 dxc3
28. bxc3 Bxc3 29. Rb1 Bg7 30. Bxc5+ Qxc5+ 31. Kh2 Rd8 32. Rbe1 Qd6 33. Kh1 Bc3
34. Rc1 Qa3 35. Rb1 Kg7 36. Rc2 Bd4 37. Rc7 Qd6 38. Rc2 Qb4 39. Qd1 Qe7 40. Qf3
Qh4 41. Rf1 Bg4 42. Qxd5 Rxd5 43. Bxd5 Bxh3 0-1

[Event "Bayerische EM 2019 Allgemeine Gruppe"]
[Site "Rosenheim"]
[Date "2019.08.29"]
[Round "7.9"]
[White "Liepold, Stefan"]
[Black "Grosshans, Ralf-Michael"]
[Result "1/2-1/2"]
[WhiteElo "2166"]
[BlackElo "2051"]
[PlyCount "72"]
[EventDate "2019.??.??"]
[WhiteTeam "SC Erlangen"]
[BlackTeam "SC Bamberg"]

1. e4 Nf6 2. e5 Nd5 3. d4 d6 4. Nf3 dxe5 5. Nxe5 c6 6. Be2 Bf5 7. O-O e6 8. a3
Be7 9. c4 Nf6 10. Nc3 O-O 11. g4 Bg6 12. Nxg6 hxg6 13. Be3 Nbd7 14. g5 Ne8 15.
f4 Nd6 16. Rf3 Nf5 17. Bf2 c5 18. d5 Nd4 19. Rh3 e5 20. d6 Bxd6 21. Ne4 Qe7 22.
f5 gxf5 23. Bd3 g6 24. Nxd6 Qxd6 25. Bxf5 Nxf5 26. Qxd6 Nxd6 27. Rd1 Nxc4 28.
Rxd7 b6 29. Rh4 Na5 30. b4 cxb4 31. axb4 Nc6 32. b5 Nd4 33. Bxd4 exd4 34. Rhxd4
a6 35. bxa6 Rxa6 36. Rf4 Ra2 1/2-1/2

[Event "Bayerische EM 2019 Allgemeine Gruppe"]
[Site "Rosenheim"]
[Date "2019.08.29"]
[Round "7.10"]
[White "Beesk, Kevin"]
[Black "Salvermoser, Bernd"]
[Result "0-1"]
[WhiteElo "1969"]
[BlackElo "2208"]
[PlyCount "112"]
[EventDate "2019.??.??"]
[WhiteTeam "SK Neumarkt"]
[BlackTeam "SK Penzberg"]

1. e4 c5 2. Nc3 Nc6 3. f4 e6 4. Nf3 d6 5. Bb5 Nge7 6. O-O a6 7. Bxc6+ Nxc6 8.
d3 Be7 9. Ne2 d5 10. e5 d4 11. a3 b6 12. Ng3 Qd5 13. b3 Bb7 14. Qe1 f5 15. exf6
gxf6 16. Qe4 Qxe4 17. Nxe4 O-O-O 18. f5 e5 19. Bd2 Kc7 20. Be1 Rhg8 21. Bh4
Rdf8 22. h3 b5 23. Nfd2 Nb8 24. Kh2 Nd7 25. Rf2 Nb6 26. Rg1 Nd5 27. g4 Ne3 28.
Nf1 Bxe4 29. dxe4 Nd1 30. Rfg2 h6 31. Be1 c4 32. bxc4 bxc4 33. Bd2 Rh8 34. Bc1
Rb8 35. Nd2 Ne3 36. Re2 c3 37. Nf3 Nc4 38. a4 Rb4 39. h4 Rxa4 40. Kg3 Ra2 41.
Ne1 Ra1 42. Nd3 a5 43. Rf2 Nd6 44. Re1 Rg8 45. Rff1 Nf7 46. Kf3 a4 47. Rg1 a3
48. g5 hxg5 49. hxg5 fxg5 50. f6 Bxf6 51. Nb4 Be7 52. Nd5+ Kd7 53. Nxe7 Kxe7
54. Bxg5+ Nxg5+ 55. Rxg5 Rxe1 56. Rxg8 a2 0-1

[Event "Bayerische EM 2019 Allgemeine Gruppe"]
[Site "Rosenheim"]
[Date "2019.08.29"]
[Round "7.11"]
[White "Zepke, Armin"]
[Black "Wilfert, Andre"]
[Result "1-0"]
[WhiteElo "2122"]
[BlackElo "2102"]
[PlyCount "77"]
[EventDate "2019.??.??"]
[WhiteTeam "SC Bayerwald"]
[BlackTeam "1.FC Marktleuthen"]

1. d4 Nf6 2. Bf4 e6 3. e3 Be7 4. Bd3 d5 5. Nd2 b6 6. Ngf3 Bb7 7. Ne5 c5 8. c3
Nc6 9. O-O O-O 10. Qf3 Nd7 11. Qh3 f5 12. Nxd7 Qxd7 13. Nf3 a5 14. Bb5 Bf6 15.
Qg3 Ba6 16. Bxa6 Rxa6 17. a4 h6 18. Bxh6 Raa8 19. Bf4 Kf7 20. Bd6 Be7 21. Bxe7
Qxe7 22. Ng5+ Ke8 23. f3 Kd7 24. Rad1 Rf6 25. e4 fxe4 26. fxe4 Raf8 27. Rfe1
dxe4 28. dxc5+ Kc8 29. Nxe4 Rf4 30. Qd3 bxc5 31. Qa6+ Kc7 32. Nd6 Qxd6 33. Rxd6
Kxd6 34. h3 Rf2 35. Rxe6+ Kxe6 36. Qxc6+ Ke5 37. Qxc5+ Ke4 38. Qxf2 Rxf2 39.
Kxf2 1-0